Đặc điểm kiến trúc Pháp tại Huế /

Guardado en:
Detalles Bibliográficos
Autor principal: Nguyễn Ngọc Tùng.
Otros Autores: Lê Ngọc Vân Anh., Nguyễn Thị Minh Xuân.
Formato: Artículo
Lenguaje:Vietnamese
Materias:
Etiquetas: Agregar Etiqueta
Sin Etiquetas, Sea el primero en etiquetar este registro!
Thư viện lưu trữ: Thư viện Trường Đại học Đà Lạt
LEADER 00906nam a2200301 4500
001 DLU180187731
005 ##20181010
040 # # |a DLU  |b vie 
041 # # |a vie 
044 # # |a vn 
100 # # |a Nguyễn Ngọc Tùng. 
245 # # |a Đặc điểm kiến trúc Pháp tại Huế /  |c Nguyễn Ngọc Tùng, Nguyễn Thị Minh Xuân, Lê Ngọc Vân Anh. 
653 # # |a Đặc điểm kiến trúc  
653 # # |a Huế 
653 # # |a Kiến trúc 
653 # # |a Kiến trúc Pháp  
700 # # |a Lê Ngọc Vân Anh. 
700 # # |a Nguyễn Thị Minh Xuân. 
773 # # |t Huế xưa  |g Số 4(142), 2017, tr. 53-57 
920 # # |a Phòng Tạp chí -- Trung tâm Thông tin - Thư viện Trường Đại học Đà Lạt 
994 # # |a DLU 
900 # # |a True 
911 # # |a Nguyễn Thị Thu Phương 
925 # # |a G 
926 # # |a A 
927 # # |a BB 
980 # # |a Thư viện Trường Đại học Đà Lạt